| 000 | 00468nam a2200181Ia 4500 | ||
|---|---|---|---|
| 003 | GCL | ||
| 008 | 140319s9999 xx 000 0 eng d | ||
| 040 |
_aGCL / _cGCL |
||
| 082 | 0 | 4 |
_a612.3 _bE P |
| 100 | 1 | _aEASTWOOD, MARTIN | |
| 245 | 1 | 0 |
_aPRINCIPLES OF HUMAN NUTRITION / _cEASTWOOD, MARTIN |
| 260 |
_a[S.N] : _bCHAPMAN AND HALL ، _c1997 |
||
| 300 | _a564 P | ||
| 650 | 0 | 4 | _aNUTRITION |
| 650 | 0 | 4 | _aMEDICAL SCIENCE |
| 650 | 0 | 4 | _aHUMAN NUTRITION |
| 942 |
_2ddc _cBK |
||
| 999 |
_c16257 _d16257 |
||